Largest stars in Milky Way - Statistics

General Stats
  • This quiz has been taken 15 times
  • The average score is 1 of 15
Answer Stats
Hint Answer % Correct
1,420±120 solar radii VY Canis Majoris
92%
1,540±77 solar radii WOH G64
17%
<1,350 solar radii NML Cygni
8%
1,050 solar radii VV Cephei A
8%
1,411±124 solar radii AH Scorpii
0%
1,013-1,060 solar radii CK Carinae
0%
1,165 solar radii EV Carinae
0%
1,009 solar radii KW Sagittarii
0%
1,032 solar radii KY Cygni
0%
1,436-1530 solar radii RSGC1-F01
0%
1,382 solar radii RSGC1-F06
0%
1,103 solar radii RW Cygni
0%
1,028 solar radii RW Leonis Minoris
0%
1,300 solar radii Stephenson 2 DFK 49
0%
1,120-1,550 solar radii VX Sagittarii
0%
No matching quizzes found
Score Distribution
Percent of People with Each Score
Percentile by Number Answered
Your Score History
You have not taken this quiz